00890nam a22002295i 4500001000700000003000900007005001700016008004100033080002300074100002400097245004500121260008300166300007400249490005900323500001400382500004300396504002700439546008000466600002000546830005900566852003500625177725ES-MaACL20230906220409.0110414s1948 be f |||| | fre d a730 Jespers, Oscar1 aRidder, André de.10aOscar Jespers / cpar André de Ridder. aAnvers : bDe Sikkel, pour le Ministere de l'Instruction Publique,ccop. 1948. a15, [28] p. de lám. bl. y n. , [1] h. de lám. bl. y n. ; c25 cm.1 aMonographies de l'art belge. Deuxième Série ; v10 aÍndice. aFalta 1 lámina, que ha sido cortada. aBibliografía: p. 13. aTexto en francés, leyenda de las ilustraciones en francés y holandés.14aJespers, Oscar.0 aMonographies de l'art belge. Deuxième Série ; v10 aES-MaACLjE-14915 xOlim P-972